000
00283nam a2200133Ia 4500
008
230917s9999||||xx |||||||||||||| ||und||
040
_e
182737
_a
MAIN
041
_a
English
082
_a
843.7 P617S
100
_a
Floubert
245
0
_a
Salammbo
300
_a
282 p.
942
_c
BK
999
_c
210562
_d
210562